000 00965nam a2200289Ia 4500
005 20180208072047.0
008 130821s2013 enkad fr eng d
020 _a0415141338
020 _a041514134 6
020 _a9780415782623 (3a.Ed.)
040 _aCo-BoUCM
_bspa
_cSaul Niño (Modificó)
_dSaul Niño (Modificó)
041 0 0 _aeng
245 0 4 _aThe visual culture reader
_cedited by Nicholas Mirzoeff
250 _a3rd ed
260 _aLondres (Inglaterra)
_bRoutledge
_c2013
300 _axxxviii, 686 páginas
_bilustraciones, gráficas
650 0 4 _aArte moderno
_ySiglo XX y XXI
_99500
650 0 4 _aComunicación visual
_911390
650 0 4 _aCultura popular
_912407
650 0 4 _aSociología
_9386
650 _aArte moderno
_99500
650 _aComunicación visual
_911390
690 0 _aArte
_99444
700 1 _aMirzoeff, Nicholas
_d1962-
_978415
942 _cLIBRORESER
_a5
_e3
_mV834
_2DEWEY
_h306.47
999 _c40227
_d40227